000 00573nam a2200193 a 4500
005 20240806064100.0
008 991125s1978 es 000 0 spa u
020 _a847222886X
035 _aUPN01000011047
049 _aCG
050 4 _aPT2668 H65
_bC68
100 1 _aHerburger, Günter,
_d1932-
245 1 3 _aLa conquista de la ciudadela y otros relatos /
_cGünter Herburger ; tr. Marisa Presas.
260 _aBarcelona [Esp.] :
_bLaia,
_c1978.
300 _a266 p.
440 0 _aPaperback ;
_v38.
_pLiteratura
650 4 _aLiteratura alemana
_910466
905 _aLibro
999 _c11047
_d11047